000 00390nam a22001337a 4500
082 _a681.14
_bPRO
_cL-29, L-81
100 _aH.P, Emundson
_945054
245 _aProceedings of the national Symposium on machine translation
260 _aUK
_bPrentice hall, inc
_c1961
300 _axvii, 525 p.
_billus
526 _a0
_b0
_c0
_d681_140000000000000_PRO
650 _aMCE
_9379
942 _2ddc
_cBK
999 _c548664
_d548664